000 00647nam a22001935i 4500
001 156632
003 ES-MaACL
005 20260323173315.0
008 990426s1853 fr |||| | fre d
040 _aCCPB | B
_bspa
_cCCPB | B
100 1 _aKlopstock, Friedrich Gottlieb (
_d1724-1803)
_9128470
245 1 3 _aLa Messiade /
_cpar Klopstock ; traduite par Madame de Carlowitz.
260 _aParis :
_bCharpentier,
_c1853 (
_fTyp. et stér. de Crété)
300 _a488 p. ;
_c18 cm.
700 1 _aCarlowitz, Aloyse Christine,
_cbaronne de
_9126341
852 _aES-MaACL
_jD-2395
_z-- Enc. hol.
999 _c156632
_d156632